[Event "BL2-West 0708"]
[Site "Germany"]
[Date "2007.12.09"]
[Round "4.7"]
[White "Van Mil, Johan"]
[Black "Burkart, Patrick"]
[Result "1/2-1/2"]
[WhiteElo "2351"]
[BlackElo "2339"]
[PlyCount "40"]
[EventDate "2007.10.21"]
[EventType "team-tourn"]
[EventRounds "9"]
[EventCountry "GER"]
[SourceTitle "EXT 2009"]
[Source "ChessBase"]
[SourceDate "2008.11.26"]
[SourceVersion "1"]
[SourceVersionDate "2008.11.26"]
[SourceQuality "1"]
[WhiteTeam "Gerresheim"]
[BlackTeam "Hofheim"]
[WhiteTeamCountry "GER"]
[BlackTeamCountry "GER"]

1. e4 d6 2. d4 g6 3. Nf3 Bg7 4. Be2 c5 5. d5 Nf6 6. Nc3 Na6 7. Nd2 Nc7 8. a4 0-0 9. 0-0 b6 10. Nc4 Rb8 11. Bf4 Nd7 12. Qd2 a6 13. Bh6 Ne5 14. Bxg7 Kxg7 15. Ne3 f6 16. f4 Nf7 17. Bf3 b5 18. a5 Re8 19. b4 e5 20. f5 Qe7 1/2-1/2

[Event "FRA-chT1A 0607"]
[Site "France"]
[Date "2007.02.11"]
[Round "11.4"]
[White "Van Mil, Johan"]
[Black "Alanic, Xavier"]
[Result "0-1"]
[WhiteElo "2372"]
[BlackElo "2235"]
[PlyCount "92"]
[EventDate "2006.10.15"]
[EventType "team-tourn"]
[EventRounds "11"]
[EventCountry "FRA"]
[SourceTitle "EXT 2008"]
[Source "ChessBase"]
[SourceDate "2007.11.25"]
[SourceVersion "1"]
[SourceVersionDate "2007.11.25"]
[SourceQuality "1"]
[WhiteTeam "Noyon"]
[BlackTeam "Guingamp"]
[WhiteTeamCountry "FRA"]
[BlackTeamCountry "FRA"]

1. e4 c6 2. Nf3 d5 3. exd5 cxd5 4. Ne5 Nf6 5. d4 a6 6. Bd3 Nc6 7. c3 e6 8. 0-0 Nxe5 9. dxe5 Nd7 10. Re1 Qc7 11. Bf4 Be7 12. Nd2 g5 13. Bg3 h5 14. h3 b5 15. a4 Nc5 16. Bc2 bxa4 17. c4 Bb7 18. cxd5 Bxd5 19. Ne4 Bxe4 20. Bxe4 Rd8 21. Qe2 Rd4 22. Rac1 Qd7 23. Bb1 h4 24. Bh2 Rg8 25. f3 Rd2 26. Qe3 Qd4 27. Qxd4 Rxd4 28. Kf1 Rb4 29. Bg1 Rb5 30. Bh7 Rh8 31. Be4 Kf8 32. Bc6 Ra5 33. Rc4 Kg7 34. Rec1 Nd3 35. Bb6 Rb5 36. Bd4 Nxc1 37. Bxb5 axb5 38. Rxc1 Rd8 39. Be3 Rd5 40. Rc7 Bd8 41. Rb7 Kg6 42. Rb8 Rxe5 43. Bd4 Rd5 44. Bc3 Bf6 45. Bxf6 Kxf6 46. Rb7 Ke5 0-1

[Event "BEL-chT 0607"]
[Site "Belgium"]
[Date "2006.11.19"]
[Round "4"]
[White "Becker, Martin Alexander"]
[Black "Van Mil, Johan"]
[Result "0-1"]
[WhiteElo "2315"]
[BlackElo "2372"]
[PlyCount "70"]
[EventDate "2006.10.01"]
[EventType "team-tourn"]
[EventRounds "11"]
[EventCountry "BEL"]
[SourceTitle "CBM 115 Extra"]
[Source "ChessBase"]
[SourceDate "2007.01.10"]
[SourceVersion "1"]
[SourceVersionDate "2007.01.10"]
[SourceQuality "1"]
[WhiteTeam "KSK47 Eynatten"]
[BlackTeam "Boey Temse"]
[WhiteTeamCountry "BEL"]
[BlackTeamCountry "BEL"]

1. e4 c5 2. Nf3 e6 3. d4 cxd4 4. Nxd4 Nc6 5. Nc3 Qc7 6. Be3 a6 7. Bd3 Nf6 8. 0-0 Ne5 9. h3 Bc5 10. Kh1 b5 11. f4 Nxd3 12. cxd3 Qa7 13. Nce2 Bb7 14. b4 Bb6 15. a4 bxa4 16. Rxa4 Qb8 17. Qa1 Qd8 18. Nc1 0-0 19. Ncb3 Nh5 20. Kh2 f5 21. e5 g5 22. Na5 Bxa5 23. Rxa5 gxf4 24. Bxf4 Nxf4 25. Rxf4 Qg5 26. Qf1 Kh8 27. g3 Rac8 28. Ra1 Rg8 29. Qf2 Rc3 30. Rd1 Qg7 31. Qe3 Ra3 32. Rf2 Qe7 33. Qd2 Bd5 34. Rdf1 Ra4 35. Nc2 Ra2 0-1

[Event "BEL-chT 0506"]
[Site "Belgium"]
[Date "2006.03.26"]
[Round "11"]
[White "Van Mil, Johan"]
[Black "Schalkx, Johnny"]
[Result "1-0"]
[WhiteElo "2358"]
[BlackElo "2274"]
[PlyCount "67"]
[EventDate "2005.10.09"]
[EventType "team-tourn"]
[EventRounds "11"]
[EventCountry "BEL"]
[SourceTitle "EXT 2007"]
[Source "ChessBase"]
[SourceDate "2006.11.23"]
[SourceVersion "1"]
[SourceVersionDate "2006.11.23"]
[SourceQuality "1"]
[WhiteTeam "Boey Temse"]
[BlackTeam "KGSRL"]
[WhiteTeamCountry "BEL"]
[BlackTeamCountry "BEL"]

1. e4 c6 2. Nf3 d5 3. exd5 cxd5 4. Ne5 Nf6 5. d4 g6 6. Bb5+ Bd7 7. Nxd7 Nbxd7 8. 0-0 Bg7 9. Re1 0-0 10. c3 Ne4 11. Bd3 Ndf6 12. Bf4 Qd7 13. Nd2 Nh5 14. Be3 Nd6 15. Qf3 e6 16. g4 Nf6 17. Bg5 Nfe8 18. Qg3 Rc8 19. h4 Nc4 20. Nxc4 dxc4 21. Bc2 b5 22. h5 Nf6 23. hxg6 fxg6 24. Bd2 Nd5 25. Re4 Nf6 26. Re2 Nd5 27. Rae1 Rce8 28. g5 Rf7 29. Re4 Bf8 30. Qh3 Rf5 31. Rh4 Rd8 32. Bxf5 exf5 33. Qf3 a5 34. Kg2 1-0

[Event "BEL-chT 0506"]
[Site "Belgium"]
[Date "2006.02.19"]
[Round "9"]
[White "Van Mil, Johan"]
[Black "Schneider, Bernd"]
[Result "1/2-1/2"]
[WhiteElo "2358"]
[BlackElo "2427"]
[PlyCount "33"]
[EventDate "2005.10.09"]
[EventType "team-tourn"]
[EventRounds "11"]
[EventCountry "BEL"]
[SourceTitle "EXT 2007"]
[Source "ChessBase"]
[SourceDate "2006.11.23"]
[SourceVersion "1"]
[SourceVersionDate "2006.11.23"]
[SourceQuality "1"]
[WhiteTeam "Boey Temse"]
[BlackTeam "SK Rochade"]
[WhiteTeamCountry "BEL"]
[BlackTeamCountry "BEL"]

1. e4 g6 2. d4 Bg7 3. Nf3 c6 4. Nc3 d5 5. h3 Nf6 6. Bd3 dxe4 7. Nxe4 Nxe4 8. Bxe4 Nd7 9. c3 0-0 10. 0-0 e5 11. Bg5 Qc7 12. Qd2 exd4 13. Nxd4 Nc5 14. Bf3 Ne6 15. Nxe6 Bxe6 16. Rfe1 Rfe8 17. a3 1/2-1/2

[Event "BEL-chT 0405"]
[Site "Belgium"]
[Date "2005.01.09"]
[Round "6"]
[White "Goormachtigh, Johan"]
[Black "Van Mil, Johan"]
[Result "0-1"]
[WhiteElo "2279"]
[BlackElo "2348"]
[PlyCount "92"]
[EventDate "2004.09.09"]
[EventType "team-tourn"]
[EventRounds "11"]
[EventCountry "BEL"]
[SourceTitle "EXT 2006"]
[Source "ChessBase"]
[SourceDate "2005.11.24"]
[SourceVersion "1"]
[SourceVersionDate "2005.11.24"]
[SourceQuality "1"]
[WhiteTeam "KGSRL"]
[BlackTeam "Boey Temse II"]
[WhiteTeamCountry "BEL"]
[BlackTeamCountry "BEL"]

1. d4 g6 2. e4 Bg7 3. c4 Nc6 4. Be3 d6 5. Nc3 e5 6. Nge2 Nh6 7. d5 Ne7 8. f3 f5 9. Qd2 Nf7 10. 0-0-0 0-0 11. Kb1 f4 12. Bf2 g5 13. g4 h5 14. h3 Bf6 15. Nc1 Kg7 16. b4 Rh8 17. Be2 a5 18. bxa5 Rxa5 19. Nb3 Ra8 20. Nb5 Ng6 21. c5 Be7 22. Rc1 dxc5 23. Bxc5 Bxc5 24. Rxc5 c6 25. gxh5 Rxh5 26. dxc6 Qxd2 27. Nxd2 bxc6 28. Rxc6 Rxh3 29. Rxh3 Bxh3 30. Bc4 Bd7 31. Rc7 Nf8 32. Rb7 Nd8 33. Ra7 Rb8 34. Nb3 Kh6 35. a4 Nb7 36. Bd5 Nd8 37. Bc4 Kh5 38. Nc5 Bh3 39. Kc2 Bg2 40. Be2 Nc6 41. Kd2 Nxa7 42. Nxa7 Kh4 43. Nd3 Nd7 44. Nc6 Ra8 45. a5 Kg3 46. Ne1 g4 0-1

[Event "BEL-chT 0304"]
[Site "Belgium"]
[Date "2004.01.11"]
[Round "6.8"]
[White "Van Mil, Johan"]
[Black "Schulz, Klaus Juergen"]
[Result "0-1"]
[WhiteElo "2372"]
[BlackElo "2380"]
[PlyCount "82"]
[EventDate "2003.10.01"]
[EventType "team"]
[EventRounds "11"]
[EventCountry "BEL"]
[SourceTitle "EXT 2005"]
[Source "ChessBase"]
[SourceDate "2004.11.15"]
[SourceVersion "1"]
[SourceVersionDate "2004.11.15"]
[SourceQuality "1"]
[WhiteTeam "Temse"]
[BlackTeam "Eynatten"]
[WhiteTeamCountry "BEL"]
[BlackTeamCountry "BEL"]

1. e4 c5 2. Nf3 e6 3. d3 Nc6 4. g3 d5 5. Nbd2 g6 6. Bg2 Bg7 7. 0-0 Nge7 8. Re1 0-0 9. c3 b6 10. h4 Ba6 11. exd5 Nxd5 12. Nc4 Qc7 13. h5 Rad8 14. Qe2 Rfe8 15. a4 e5 16. hxg6 hxg6 17. Qe4 Nf6 18. Qh4 Rxd3 19. Ng5 Nd4 20. Ne3 Rxe3 21. Bxe3 Nc2 22. b4 Nxe1 23. Rxe1 Bd3 24. a5 e4 25. axb6 axb6 26. bxc5 bxc5 27. Ra1 Qe5 28. Ra7 Rf8 29. c4 Bxc4 30. Bxe4 Rd8 31. Bf3 Bb3 32. Ra5 Rc8 33. Kg2 Bd5 34. Bxc5 Rxc5 35. Ra3 Bxf3+ 36. Nxf3 Qd5 37. Qf4 Rc8 38. Ra7 Nd7 39. Kh2 Ne5 40. Nxe5 Bxe5 41. Qg4 Rc1 0-1

[Event "BL2-West 0304"]
[Site "Germany"]
[Date "2004.??.??"]
[Round "?.2"]
[White "Van Mil, Johan"]
[Black "Mainka, Romuald"]
[Result "1/2-1/2"]
[WhiteElo "2370"]
[BlackElo "2450"]
[PlyCount "41"]
[EventDate "2003.12.14"]
[EventType "team-tourn"]
[EventRounds "9"]
[EventCountry "GER"]
[SourceTitle "CBM 100 Extra"]
[Source "ChessBase"]
[SourceDate "2004.07.06"]
[SourceVersion "2"]
[SourceVersionDate "2004.07.06"]
[SourceQuality "1"]
[WhiteTeam "Heiligenhaus"]
[BlackTeam "Remagen"]
[WhiteTeamCountry "GER"]
[BlackTeamCountry "GER"]

1. e4 c5 2. Nf3 e6 3. d3 Nc6 4. g3 g6 5. Bg2 Bg7 6. 0-0 Nge7 7. Re1 0-0 8. c3 e5 9. a3 a5 10. a4 d6 11. Na3 h6 12. Nd2 Be6 13. Ndc4 d5 14. exd5 Bxd5 15. Bxd5 Nxd5 16. Be3 b6 17. Qd2 Kh7 18. f4 Nxe3 19. Qxe3 exf4 20. Qxf4 Ra7 21. Qf3 1/2-1/2

[Event "BL2-West 0203"]
[Site "Germany"]
[Date "2003.02.09"]
[Round "6.2"]
[White "Jonkman, Harmen"]
[Black "Van Mil, Johan"]
[Result "1-0"]
[WhiteElo "2456"]
[BlackElo "2406"]
[PlyCount "81"]
[EventDate "2002.10.20"]
[EventType "team-tourn"]
[EventRounds "9"]
[EventCountry "GER"]
[SourceTitle "EXT 2004"]
[Source "ChessBase"]
[SourceDate "2003.11.25"]
[SourceVersion "1"]
[SourceVersionDate "2003.11.25"]
[SourceQuality "1"]
[WhiteTeam "Betzdorf Kirchen"]
[BlackTeam "Heiligenhaus"]
[WhiteTeamCountry "GER"]
[BlackTeamCountry "GER"]

1. e4 g6 2. d4 Bg7 3. Nf3 c6 4. Nc3 d5 5. h3 Nh6 6. Bd3 f6 7. 0-0 Nf7 8. Ne2 e5 9. dxe5 fxe5 10. c4 d4 11. b4 Be6 12. Bd2 Nd7 13. c5 0-0 14. Qc2 Qe7 15. Bc4 Kh8 16. Ne1 Nf6 17. Ng3 h5 18. f3 Bxc4 19. Qxc4 Bh6 20. Bxh6 Nxh6 21. Nd3 h4 22. Nh1 Nh5 23. b5 g5 24. Nhf2 Nf4 25. Rfe1 Qf6 26. Nxf4 gxf4 27. Rab1 Rf7 28. bxc6 bxc6 29. Rb3 Rg8 30. Reb1 Rfg7 31. Ng4 Nxg4 32. hxg4 h3 33. gxh3 Qh4 34. Qe6 Rd8 35. Rd3 Qg3+ 36. Kf1 Qxh3+ 37. Ke2 Qg2+ 38. Kd1 Qf1+ 39. Kc2 Qe2+ 40. Rd2 d3+ 41. Kc3 1-0

[Event "BL2-West 0203"]
[Site "Germany"]
[Date "2003.01.13"]
[Round "4.2"]
[White "Volokitin, Andrei"]
[Black "Van Mil, Johan"]
[Result "1-0"]
[WhiteElo "2558"]
[BlackElo "2406"]
[PlyCount "41"]
[EventDate "2002.10.20"]
[EventType "team-tourn"]
[EventRounds "9"]
[EventCountry "GER"]
[SourceTitle "EXT 2004"]
[Source "ChessBase"]
[SourceDate "2003.11.25"]
[SourceVersion "1"]
[SourceVersionDate "2003.11.25"]
[SourceQuality "1"]
[WhiteTeam "Katernberg"]
[BlackTeam "Heiligenhaus"]
[WhiteTeamCountry "GER"]
[BlackTeamCountry "GER"]

1. e4 g6 2. d4 Bg7 3. Nc3 c6 4. f4 d5 5. e5 Nh6 6. Be3 f6 7. h3 fxe5 8. dxe5 g5 9. Qh5+ Nf7 10. Nf3 h6 11. Qg6 gxf4 12. Bd4 Rg8 13. e6 Bxe6 14. Bxg7 Qd6 15. Qh7 Ng5 16. Qxh6 Nxf3+ 17. gxf3 Nd7 18. 0-0-0 Ne5 19. Ne4 Qc7 20. Qxe6 Rxg7 21. Nf6+ 1-0

[Event "NED-ch58 sf"]
[Site "Leeuwarden"]
[Date "2002.12.01"]
[Round "1.2"]
[White "Van Mil, Johan"]
[Black "Van der Werf, Mark"]
[Result "1/2-1/2"]
[WhiteElo "2406"]
[BlackElo "2423"]
[PlyCount "124"]
[EventDate "2002.11.30"]
[EventType "k.o."]
[EventRounds "3"]
[EventCountry "NED"]
[SourceTitle "CBM 091 Extra"]
[Source "ChessBase"]
[SourceDate "2003.01.09"]
[SourceVersion "1"]
[SourceVersionDate "2003.01.09"]
[SourceQuality "1"]

1. e4 c5 2. Nf3 e6 3. d3 b6 4. Nbd2 Bb7 5. g3 d6 6. Bg2 Nf6 7. 0-0 Nbd7 8. Re1 Be7 9. c3 0-0 10. a3 b5 11. d4 cxd4 12. cxd4 Rc8 13. Bf1 Qb6 14. Bd3 a5 15. Qe2 b4 16. a4 Qa7 17. Nb3 Qa8 18. Bf4 Rfe8 19. Nfd2 Nb6 20. f3 Nfd7 21. Be3 Rc7 22. Bb5 Rec8 23. Bxd7 Nxd7 24. Qb5 d5 25. Qxa5 dxe4 26. Qxa8 Bxa8 27. fxe4 Nf6 28. Nc5 Ng4 29. Ndb3 e5 30. Nd3 Nxe3 31. Rxe3 Bg5 32. Re2 exd4 33. Nxd4 Rc4 34. Nb5 Rd8 35. Nf2 Be7 36. Rae1 b3 37. Nc3 Bb4 38. Rd1 Rxd1+ 39. Nfxd1 Bc5+ 40. Kf1 Kf8 41. Ne3 Rxc3 42. bxc3 Bxe3 43. Rb2 Bxe4 44. Ke2 Bc5 45. Rxb3 Ke7 46. a5 h6 47. Rb8 f5 48. Rc8 Kd6 49. h4 g5 50. hxg5 hxg5 51. a6 f4 52. gxf4 gxf4 53. Rf8 Ke5 54. Rf7 Bd6 55. a7 Ke6 56. Rh7 Bc5 57. Rh6+ Kf7 58. Rh4 f3+ 59. Kd2 Ba8 60. Rc4 f2 61. Rf4+ Ke6 62. Ke2 Bxa7 1/2-1/2

[Event "Bundesliga 0102"]
[Site "Germany"]
[Date "2002.04.28"]
[Round "15.1"]
[White "Van Mil, Johan"]
[Black "Aronian, Levon"]
[Result "0-1"]
[WhiteElo "2416"]
[BlackElo "2562"]
[PlyCount "72"]
[EventDate "2001.10.06"]
[EventType "team-tourn"]
[EventRounds "15"]
[EventCountry "GER"]
[SourceTitle "EXT 2003"]
[Source "ChessBase"]
[SourceDate "2002.11.25"]
[SourceVersion "1"]
[SourceVersionDate "2002.11.25"]
[SourceQuality "1"]
[WhiteTeam "Heiligenhaus"]
[BlackTeam "Wattenscheid"]
[WhiteTeamCountry "GER"]
[BlackTeamCountry "GER"]

1. e4 c5 2. Nc3 g6 3. Nf3 Bg7 4. d4 cxd4 5. Nxd4 Nc6 6. Be3 Nf6 7. Nb3 0-0 8. Be2 d6 9. 0-0 Be6 10. f4 Na5 11. Nxa5 Qxa5 12. a3 Rac8 13. Bf3 Nd7 14. Bd4 Bxd4+ 15. Qxd4 Qb6 16. Qxb6 Nxb6 17. Rf2 Rc5 18. Nd1 d5 19. e5 Nc4 20. c3 Rd8 21. b3 Nb6 22. Rd2 Nd7 23. Kf2 Rcc8 24. b4 f6 25. exf6 Nxf6 26. Rd4 Bg4 27. Rc1 b5 28. Bxg4 Nxg4+ 29. Kf3 Nf6 30. Nf2 Rd6 31. g4 e6 32. Rd3 Rdc6 33. g5 Nh5 34. Ng4 Rc4 35. Nf6+ Nxf6 36. gxf6 Kf7 0-1

[Event "Bundesliga 0102"]
[Site "Germany"]
[Date "2002.03.17"]
[Round "11.2"]
[White "Van Mil, Johan"]
[Black "Kempinski, Robert"]
[Result "1/2-1/2"]
[WhiteElo "2416"]
[BlackElo "2595"]
[PlyCount "43"]
[EventDate "2001.10.06"]
[EventType "team-tourn"]
[EventRounds "15"]
[EventCountry "GER"]
[SourceTitle "EXT 2003"]
[Source "ChessBase"]
[SourceDate "2002.11.25"]
[SourceVersion "1"]
[SourceVersionDate "2002.11.25"]
[SourceQuality "1"]
[WhiteTeam "Heiligenhaus"]
[BlackTeam "Hamburger SK"]
[WhiteTeamCountry "GER"]
[BlackTeamCountry "GER"]

1. e4 c5 2. Nc3 d6 3. f4 a6 4. Nf3 Nf6 5. d3 Nc6 6. g3 d5 7. e5 d4 8. exf6 dxc3 9. bxc3 exf6 10. Bg2 Be7 11. 0-0 0-0 12. Be3 Be6 13. a4 Qd7 14. Nd2 Na5 15. c4 f5 16. Nf3 Qc7 17. Bd2 Bf6 18. Ne5 Nc6 19. Rb1 Nxe5 20. Rxb7 Qd6 21. fxe5 Bxe5 22. Qf3 1/2-1/2

[Event "Bundesliga 0102"]
[Site "Germany"]
[Date "2001.11.24"]
[Round "3.2"]
[White "Van Mil, Johan"]
[Black "Gurevich, Mikhail"]
[Result "0-1"]
[WhiteElo "2416"]
[BlackElo "2633"]
[PlyCount "54"]
[EventDate "2001.10.06"]
[EventType "team-tourn"]
[EventRounds "15"]
[EventCountry "GER"]
[SourceTitle "EXT 2003"]
[Source "ChessBase"]
[SourceDate "2002.11.25"]
[SourceVersion "1"]
[SourceVersionDate "2002.11.25"]
[SourceQuality "1"]
[WhiteTeam "Heiligenhaus"]
[BlackTeam "Godesberg"]
[WhiteTeamCountry "GER"]
[BlackTeamCountry "GER"]

1. e4 e6 2. d3 c5 3. Nf3 Nc6 4. g3 Nge7 5. Bg2 g6 6. 0-0 Bg7 7. Re1 d6 8. c3 e5 9. Na3 0-0 10. Be3 h6 11. Qd2 Kh7 12. d4 exd4 13. cxd4 d5 14. exd5 Nxd5 15. dxc5 Nxe3 16. Qxe3 Be6 17. Nb5 Bxb2 18. Rab1 Bg7 19. Red1 Qa5 20. Nbd4 Bxa2 21. Rxb7 Rad8 22. Rb2 Bxd4 23. Nxd4 Rfe8 24. Qxe8 Rxe8 25. Bxc6 Re1+ 26. Rxe1 Qxe1+ 27. Kg2 Bc4 0-1

[Event "NED-ch56 sf"]
[Site "Leeuwarden"]
[Date "2001.05.16"]
[Round "2.2"]
[White "Van Mil, Johan"]
[Black "Van der Wiel, John"]
[Result "0-1"]
[WhiteElo "2421"]
[BlackElo "2493"]
[PlyCount "72"]
[EventDate "2001.02.10"]
[EventType "k.o."]
[EventRounds "3"]
[EventCountry "NED"]
[SourceTitle "CBM 080 Extra"]
[Source "ChessBase"]
[SourceDate "2001.03.08"]
[SourceVersion "1"]
[SourceVersionDate "2001.03.08"]
[SourceQuality "1"]

1. e4 e5 2. Nf3 Nc6 3. Bc4 Nf6 4. d3 Be7 5. 0-0 0-0 6. Bb3 d6 7. c3 Bg4 8. Nbd2 Nd7 9. h3 Bh5 10. Re1 Nc5 11. Bc2 Ne6 12. Nf1 Ng5 13. Bxg5 Bxg5 14. Ng3 Bxf3 15. Qxf3 g6 16. Rad1 Qf6 17. Qe2 Rab8 18. Nf1 b5 19. Nh2 Rb6 20. Nf3 b4 21. Ba4 bxc3 22. bxc3 Nd8 23. Bb3 Rc6 24. Bc4 Ne6 25. g3 Bh6 26. Nh2 Bg7 27. Ng4 Qe7 28. Ne3 Rc5 29. Kg2 Kh8 30. Rb1 f5 31. exf5 gxf5 32. Qh5 Qd7 33. Kh2 d5 34. d4 exd4 35. cxd4 Rxc4 36. Nxc4 dxc4 0-1

[Event "NED-ch56 sf"]
[Site "Leeuwarden"]
[Date "2001.05.15"]
[Round "2.1"]
[White "Van der Wiel, John"]
[Black "Van Mil, Johan"]
[Result "1/2-1/2"]
[WhiteElo "2493"]
[BlackElo "2421"]
[PlyCount "80"]
[EventDate "2001.02.10"]
[EventType "k.o."]
[EventRounds "3"]
[EventCountry "NED"]
[SourceTitle "CBM 080 Extra"]
[Source "ChessBase"]
[SourceDate "2001.03.08"]
[SourceVersion "1"]
[SourceVersionDate "2001.03.08"]
[SourceQuality "1"]

1. e4 g6 2. d4 Bg7 3. Nc3 c6 4. Nf3 d5 5. h3 Nh6 6. Bf4 0-0 7. Qd2 dxe4 8. Nxe4 Nf5 9. c3 Nd7 10. Be2 Nb6 11. 0-0 Nd5 12. Bh2 Bh6 13. Qc2 Nd6 14. Rfe1 Nf4 15. Bf1 Bf5 16. Bxf4 Bxf4 17. Bd3 Bxe4 18. Bxe4 Rc8 19. Rad1 e6 20. Ne5 Qe7 21. Nd3 Nxe4 22. Rxe4 Bd6 23. b4 a5 24. a3 axb4 25. axb4 Ra8 26. c4 Bxb4 27. d5 cxd5 28. cxd5 Bd6 29. dxe6 fxe6 30. Rde1 Rf6 31. Qb3 Re8 32. Nb2 Qf7 33. R1e2 Rf4 34. Nc4 Bb8 35. g3 Rxe4 36. Rxe4 Qf5 37. Re2 Qd5 38. Qb4 Ba7 39. Ne3 Bxe3 40. Rxe3 e5 1/2-1/2

[Event "BL2-West 0001"]
[Site "Germany"]
[Date "2001.04.29"]
[Round "9.2"]
[White "Van Mil, Johan"]
[Black "Schmitz, Joachim"]
[Result "1-0"]
[WhiteElo "2422"]
[BlackElo "2319"]
[PlyCount "123"]
[EventDate "2000.10.15"]
[EventType "team-tourn"]
[EventRounds "9"]
[EventCountry "GER"]
[SourceTitle "CBM 082 Extra"]
[Source "ChessBase"]
[SourceDate "2001.07.03"]
[SourceVersion "1"]
[SourceVersionDate "2001.07.03"]
[SourceQuality "1"]
[WhiteTeam "Heiligenhaus"]
[BlackTeam "Duisburg"]
[WhiteTeamCountry "GER"]
[BlackTeamCountry "GER"]

1. e4 c5 2. Nc3 e6 3. Nge2 Nc6 4. g3 a6 5. Bg2 b5 6. a3 Bb7 7. 0-0 Nf6 8. d3 Be7 9. h3 d6 10. g4 h5 11. g5 Nd7 12. f4 h4 13. Be3 Nb6 14. Qd2 d5 15. exd5 exd5 16. Bf2 Qd7 17. d4 Nc4 18. Qc1 cxd4 19. Nxd4 Nxd4 20. Bxd4 0-0 21. Qe1 Nd6 22. Qxh4 Nf5 23. Qg4 Rad8 24. Bf2 d4 25. Ne4 g6 26. Qf3 Bd5 27. Rfe1 Qc6 28. Qe2 Kg7 29. Rad1 Rfe8 30. Qf1 Bc5 31. Ng3 Rxe1 32. Rxe1 Bxg2 33. Qxg2 Qxg2+ 34. Kxg2 Ne3+ 35. Bxe3 dxe3 36. Ne4 Bb6 37. Kf3 Re8 38. Nf6 Rd8 39. Re2 Bd4 40. c3 Bxf6 41. gxf6+ Kxf6 42. Rxe3 Rd2 43. Re2 Rd1 44. Ke4 Rh1 45. Re3 Rh2 46. b3 Ra2 47. c4 Rxa3 48. c5 Ke6 49. Kd4+ Kd7 50. Kd5 Ra1 51. c6+ Kc7 52. Re7+ Kb6 53. Rb7+ Ka5 54. c7 Rc1 55. Kd6 Rd1+ 56. Ke7 Rc1 57. Kd7 Rd1+ 58. Kc8 Kb4 59. Kb8 Rc1 60. c8Q Rxc8+ 61. Kxc8 Kxb3 62. Rxf7 1-0

[Event "NED-chT 0001"]
[Site "Netherlands"]
[Date "2001.03.25"]
[Round "8.4"]
[White "Gustafsson, Jan"]
[Black "Van Mil, Johan"]
[Result "1-0"]
[WhiteElo "2535"]
[BlackElo "2422"]
[PlyCount "115"]
[EventDate "2000.11.18"]
[EventType "team-tourn"]
[EventRounds "9"]
[EventCountry "NED"]
[SourceTitle "EXT 2002"]
[Source "ChessBase"]
[SourceDate "2001.11.25"]
[SourceVersion "1"]
[SourceVersionDate "2001.11.25"]
[SourceQuality "1"]
[WhiteTeam "Apeldoorn Schaakstad"]
[BlackTeam "Ordina Breda II"]
[WhiteTeamCountry "NED"]
[BlackTeamCountry "NED"]

1. d4 g6 2. e4 Bg7 3. Nf3 c6 4. Nbd2 d5 5. c3 Nh6 6. Bd3 0-0 7. 0-0 f6 8. c4 Nf7 9. Re1 Na6 10. exd5 cxd5 11. a3 Nc7 12. cxd5 b6 13. Ne4 Nxd5 14. Qb3 Nc7 15. Bc4 b5 16. Bf1 Be6 17. Qd1 Bg4 18. Be3 e5 19. Nc3 a6 20. Be2 exd4 21. Nxd4 Bxe2 22. Qxe2 Ne5 23. Rad1 Qe8 24. Bf4 Qf7 25. Bxe5 fxe5 26. Nf3 Ne6 27. Qe4 Nd4 28. Re3 Rae8 29. Rf1 Qb3 30. Ng5 Bh6 31. Rg3 Rf4 32. Qb1 Bxg5 33. Rxg5 Qf7 34. Rg3 Kg7 35. Re3 Rf5 36. Qd3 Re7 37. Ne4 Ne6 38. Nd6 Nf4 39. Qd2 Qe6 40. Nxf5+ gxf5 41. Rfe1 Qf6 42. Rg3+ Ng6 43. Rd3 Qf7 44. Rd6 f4 45. f3 Qf5 46. Rd1 Kh6 47. Rc1 e4 48. fxe4 Rxe4 49. Qf2 Kg5 50. Rd4 Re5 51. Rf1 Qg4 52. Re1 Rf5 53. Rde4 Nh4 54. Re5 f3 55. Rxf5+ Kxf5 56. g3 Ng6 57. Qe3 Kf6 58. Kf2 1-0

[Event "Tel Aviv"]
[Site "Tel Aviv"]
[Date "2001.02.20"]
[Round "1"]
[White "Van Mil, Johan"]
[Black "Mikhalevski, Alexander"]
[Result "1-0"]
[WhiteElo "2421"]
[BlackElo "2438"]
[PlyCount "75"]
[EventDate "2001.02.20"]
[EventType "tourn"]
[EventRounds "9"]
[EventCountry "ISR"]
[EventCategory "9"]
[SourceTitle "CBM 082"]
[Source "ChessBase"]
[SourceDate "2001.05.17"]
[SourceVersion "1"]
[SourceVersionDate "2001.05.17"]
[SourceQuality "1"]

1. e4 e5 2. Nc3 Nf6 3. g3 d5 4. exd5 Nxd5 5. Bg2 Nxc3 6. bxc3 Nc6 7. Nf3 Bc5 8. 0-0 0-0 9. d3 Qf6 10. Be3 Bb6 11. Nd2 Qg6 12. Nc4 f5 13. f4 exf4 14. Nxb6 axb6 15. Bxf4 Qf7 16. Re1 b5 17. Qb1 Ra5 18. Qb3 Qxb3 19. cxb3 Bd7 20. Bxc7 Ra6 21. d4 Kf7 22. d5 Ne7 23. d6 Nc6 24. Bf1 Ra3 25. Bxb5 Rfa8 26. Re2 Kf6 27. Ba4 b5 28. Bxb5 Nd4 29. cxd4 Bxb5 30. Re5 Rxb3 31. Rf1 Bxf1 32. axb3 Ra1 33. Kf2 Rd1 34. d7 Rxd4 35. d8Q+ Rxd8 36. Bxd8+ Kxe5 37. Kxf1 Kd4 38. b4 1-0

[Event "BL2-West 0001"]
[Site "Germany"]
[Date "2001.02.18"]
[Round "6.6"]
[White "Hommeles, Theo"]
[Black "Van Mil, Johan"]
[Result "1/2-1/2"]
[WhiteElo "2409"]
[BlackElo "2422"]
[PlyCount "35"]
[EventDate "2000.10.15"]
[EventType "team-tourn"]
[EventRounds "9"]
[EventCountry "GER"]
[SourceTitle "CBM 082 Extra"]
[Source "ChessBase"]
[SourceDate "2001.07.03"]
[SourceVersion "1"]
[SourceVersionDate "2001.07.03"]
[SourceQuality "1"]
[WhiteTeam "Bochum"]
[BlackTeam "Heiligenhaus"]
[WhiteTeamCountry "GER"]
[BlackTeamCountry "GER"]

1. e4 g6 2. d4 Bg7 3. Nc3 c6 4. f4 d5 5. e5 Nh6 6. Nf3 f6 7. Be3 Bg4 8. Be2 0-0 9. Qd2 Nf5 10. Nh4 Nxe3 11. Qxe3 Bxe2 12. Nxe2 e6 13. g3 c5 14. Nf3 Nc6 15. 0-0-0 Qe7 16. Kb1 cxd4 17. exf6 dxe3 18. fxe7 1/2-1/2